000
00290nam a22001337a 4500
008
170714b xxu||||| |||| 00| 0 eng d
020
_a
9780262562195
041
_a
eng
080
_a
17
100
_a
24
101
_a
FJA
245
_a
A THEORY OF GENERAL ETHICS
_c
FOX,W
942
_2
udc
_c
BK
999
_c
20734
_d
20734